[Event "Belgrade Gligoric 100 Ann op"]
[Site "Belgrade"]
[Date "2023.02.05"]
[Round "2"]
[White "Pikula, Dejan"]
[Black "Mitic, Milan"]
[Result "1-0"]
[WhiteElo "2347"]
[BlackElo "2054"]
[PlyCount "45"]
[EventDate "2023.02.05"]
[EventType "swiss (blitz)"]
[EventRounds "11"]
[EventCountry "SRB"]
[SourceTitle "EXT 2024"]
[Source "ChessBase"]
[SourceDate "2023.10.10"]
[SourceVersion "1"]
[SourceVersionDate "2023.10.10"]
[SourceQuality "1"]

1. e4 c5 2. Nf3 g6 3. Bc4 Bg7 4. 0-0 Nc6 5. c3 d6 6. d4 cxd4 7. cxd4 Bg4 8. Bxf7+ Kf8 9. Bxg8 Rxg8 10. Be3 Qe8 11. h3 Bxf3 12. Qxf3+ Qf7 13. Qd1 Qc4 14. Nd2 Qb4 15. Nf3 Rc8 16. b3 Ke8 17. Rc1 Rf8 18. d5 Rxf3 19. gxf3 Ne5 20. Rxc8+ Kd7 21. Rg8 Bf6 22. f4 Qxe4 23. fxe5 1-0

[Event "EU-ch Amateur Online Final 2000/2300"]
[Site "Tornelo INT"]
[Date "2021.04.28"]
[Round "4"]
[White "Mitic, Milan"]
[Black "Tsaknakis, Zisis"]
[Result "0-1"]
[WhiteElo "1993"]
[BlackElo "2236"]
[PlyCount "56"]
[EventDate "2021.04.28"]
[EventType "swiss (rapid)"]
[EventRounds "9"]
[EventCountry "NET"]
[SourceTitle "EXT 2023"]
[Source "ChessBase"]
[SourceDate "2022.10.05"]
[SourceVersion "1"]
[SourceVersionDate "2022.10.05"]
[SourceQuality "1"]

1. e4 c5 2. Nc3 Nc6 3. f4 e6 4. Nf3 d5 5. e5 h5 6. Bb5 Bd7 7. d3 Nh6 8. 0-0 Nf5 9. Ne2 Be7 10. Kh1 Nxe5 11. Nxe5 Bxb5 12. Qe1 h4 13. a4 Bd7 14. Ng1 Bf6 15. Ngf3 Qe7 16. Rb1 Bxa4 17. b3 Bd7 18. Ba3 b6 19. d4 Bxe5 20. fxe5 g5 21. dxc5 g4 22. c6 Qxa3 23. cxd7+ Kxd7 24. Nd2 Qc5 25. b4 Ng3+ 26. Qxg3 hxg3 27. bxc5 Rxh2+ 28. Kg1 Rah8 0-1

[Event "World Corporate East A"]
[Site "Chess.com INT"]
[Date "2021.02.20"]
[Round "6.3"]
[White "Krause, Max"]
[Black "Mitic, Milan"]
[Result "0-1"]
[WhiteElo "1954"]
[BlackElo "1993"]
[PlyCount "92"]
[EventDate "2021.02.19"]
[EventType "team (rapid)"]
[EventRounds "7"]
[EventCountry "USA"]
[SourceTitle "EXT 2022"]
[Source "ChessBase"]
[SourceDate "2021.10.06"]
[SourceVersion "1"]
[SourceVersionDate "2021.10.06"]
[SourceQuality "1"]
[WhiteTeam "Airbus"]
[BlackTeam "Tigar Tyres"]
[WhiteTeamCountry "FRA"]
[BlackTeamCountry "SRB"]

1. Nf3 Nf6 2. d4 e6 3. c4 d5 4. Nc3 Bb4 5. Qc2 0-0 6. Bg5 h6 7. Bh4 c5 8. e3 Nc6 9. Rd1 cxd4 10. exd4 g5 11. Bg3 Ne4 12. Bd3 g4 13. Bxe4 dxe4 14. Bh4 Qa5 15. Ng1 f5 16. Nge2 Be7 17. Bxe7 Nxe7 18. h3 gxh3 19. Rxh3 Rf6 20. Kd2 Nc6 21. a3 b6 22. Kc1 Ba6 23. Qd2 Kh7 24. Rdh1 f4 25. Nxe4 Qxd2+ 26. Nxd2 Rd8 27. Rd3 e5 28. d5 Rg6 29. Rdh3 Ne7 30. Nc3 Rc8 31. b3 b5 32. cxb5 Bxb5 33. Kb2 Bd7 34. Rh5 Nf5 35. Nde4 Kg7 36. R1h2 a6 37. a4 Rb8 38. Ka3 Nd4 39. Nc5 Bf5 40. f3 Rgb6 41. a5 Rxb3+ 42. Nxb3 Rxb3+ 43. Ka2 Rxc3 44. Rxh6 Rc2+ 45. Ka1 Nb3+ 46. Kb1 Rxg2# 0-1

[Event "Sofia MGU rapid 7th"]
[Site "Sofia"]
[Date "2018.03.25"]
[Round "5"]
[White "Mitic, Milan"]
[Black "Angelov, Georgi Ang"]
[Result "1-0"]
[WhiteElo "2128"]
[BlackElo "1579"]
[PlyCount "76"]
[EventDate "2018.03.25"]
[EventType "swiss (rapid)"]
[EventRounds "8"]
[EventCountry "BUL"]
[SourceTitle "CBM 183 Extra"]
[Source "ChessBase"]
[SourceDate "2018.04.19"]
[SourceVersion "1"]
[SourceVersionDate "2018.04.19"]
[SourceQuality "1"]

1. Nf3 d5 2. d4 c6 3. Bf4 Nf6 4. e3 g6 5. Bd3 Bg7 6. Nbd2 Bg4 7. h3 Bxf3 8. Qxf3 Nbd7 9. c3 0-0 10. h4 Nh5 11. g4 Nxf4 12. exf4 e6 13. h5 c5 14. Qh3 g5 15. h6 Bh8 16. Nf3 f6 17. Qh5 Qe8 18. fxg5 Qxh5 19. Rxh5 cxd4 20. cxd4 e5 21. Bf5 Rfd8 22. gxf6 exd4 23. g5 Re8+ 24. Kd2 Ne5 25. Nxe5 Rxe5 26. Bg4 Rae8 27. Rc1 Re4 28. Bd7 Rd8 29. Rc7 Re5 30. f4 Re3 31. f5 Rg3 32. Be6+ Kf8 33. Rf7+ Ke8 34. Rxh7 Rg2+ 35. Kd3 Rg3+ 36. Kxd4 Rg4+ 37. Kd3 Rg3+ 38. Ke2 Rg4 1-0

[Event "SRB-chT2 East"]
[Site "Serbia"]
[Date "2017.09.09"]
[Round "3.3"]
[White "Mitic, Milan"]
[Black "Zivkovic, Milutin"]
[Result "1-0"]
[WhiteElo "2117"]
[BlackElo "1744"]
[PlyCount "71"]
[EventDate "2017.09.08"]
[EventType "team-tourn"]
[EventRounds "11"]
[EventCountry "SRB"]
[SourceTitle "EXT 2022"]
[Source "ChessBase"]
[SourceDate "2021.10.06"]
[SourceVersion "1"]
[SourceVersionDate "2021.10.06"]
[SourceQuality "1"]

1. d4 Nf6 2. c4 e6 3. Nc3 Bb4 4. Qc2 0-0 5. Nf3 c5 6. e3 b6 7. Be2 Bb7 8. 0-0 Bxc3 9. Qxc3 Nc6 10. Rd1 d6 11. b3 Qe7 12. Bb2 Ne4 13. Qc2 f5 14. a3 Nb8 15. dxc5 bxc5 16. Nd2 Nd7 17. Nxe4 fxe4 18. Qd2 d5 19. f3 exf3 20. Bxf3 Nb6 21. Be5 Rfd8 22. Qc3 dxc4 23. Bxb7 Qxb7 24. bxc4 Rd7 25. a4 Rad8 26. Rxd7 Qxd7 27. a5 Nc8 28. Rb1 Nd6 29. Rd1 Qe7 30. Qb3 Qc7 31. Qd3 Qxa5 32. Bxd6 Qb6 33. e4 a5 34. e5 a4 35. Qa3 Qc6 36. Ra1 1-0